کرسو اور کرنسی / (Record no. 108323)

MARC details
000 -LEADER
fixed length control field 00782nam a22002537a 4500
005 - DATE AND TIME OF LATEST TRANSACTION
control field 20170123162338.0
010 ## - LIBRARY OF CONGRESS CONTROL NUMBER
LC control number A-148472
020 ## - INTERNATIONAL STANDARD BOOK NUMBER
Terms of availability 12.00
035 ## - SYSTEM CONTROL NUMBER
System control number A-148472
037 ## - SOURCE OF ACQUISITION
Source of stock number/acquisition Cen Lib/Ret
040 ## - CATALOGING SOURCE
Language of cataloging UR
Original cataloging agency DPL
082 ## - DEWEY DECIMAL CLASSIFICATION NUMBER
Classification number 847
Item number ا ع ج
100 ## - MAIN ENTRY--PERSONAL NAME
Personal name اعجاز الی ارشاد
9 (RLIN) 109505
245 ## - TITLE STATEMENT
Title کرسو اور کرنسی /
Statement of responsibility, etc اعجاز الی ارشاد
246 ## - VARYING FORM OF TITLE
Title proper/short title Kursi aur currency /
Remainder of title by Ajaz Ali Irshad
260 ## - PUBLICATION, DISTRIBUTION, ETC. (IMPRINT)
Name of publisher, distributor, etc اردو کڈمی
Date of publication, distribution, etc 1982
Place of publication, distribution, etc نیی دہلی
270 ## - ADDRESS
City نیی دہلی
300 ## - PHYSICAL DESCRIPTION
Extent 112p
Dimensions 21cm(Hb)
650 ## - SUBJECT ADDED ENTRY--TOPICAL TERM
Topical term or geographic name as entry element ادب -- اردو
9 (RLIN) 125445
650 ## - SUBJECT ADDED ENTRY--TOPICAL TERM
Topical term or geographic name as entry element اردو مضمون
9 (RLIN) 125446
650 ## - SUBJECT ADDED ENTRY--TOPICAL TERM
Topical term or geographic name as entry element Literature -- Urdu
9 (RLIN) 125447
650 ## - SUBJECT ADDED ENTRY--TOPICAL TERM
Topical term or geographic name as entry element Urdu essays
9 (RLIN) 528
942 ## - ADDED ENTRY ELEMENTS (KOHA)
Source of classification or shelving scheme Dewey Decimal Classification
Koha item type Urdu Bks
Classification part 847
Call number suffix ا ع ج
Holdings
Withdrawn status Lost status Damaged status Not for loan Home library Current library Date acquired Source of acquisition Cost, normal purchase price Total Checkouts Full call number Barcode Date last seen Copy number Cost, replacement price Price effective from Koha item type
        Central Library Central Library 18/01/2016 Cen Lib/Ret 12.00   847 ا ع ج A-148472 18/01/2016 1 12.00 18/01/2016 Urdu Bks

© Delhi Public Library
Hit Counter
free hit counter